000 00793cam a2200241 a 4500
001 1579085
005 20180110081444.0
008 930805s1994 nyua b 001 0 eng
010 _a 93023254
020 _a0801310962
040 _aDLC
_cDLC
_dDLC
041 _aeng
043 _an-us---
080 _a372.60973 CEC
082 0 0 _a372.60973 CEC
_220
100 1 _a46
101 _aEDU
245 1 0 _aLiteracy and the arts for the integrated classroom :
_cNancy Lee Cecil, Phyllis Lauritzen.
504 _aIncludes bibliographical references (p. 137-150) and indexes.
906 _a7
_bcbc
_corignew
_d1
_eocip
_f19
_gy-gencatlg
942 _2ddc
_cBK
999 _c40030
_d40030